|
|
|
|
| LEADER |
00000nam0a2200000 4500 |
| 001 |
18400 |
| 005 |
20231101205213.0 |
| 035 |
|
|
|a (RuTPU)RU\TPU\book\18550
|
| 035 |
|
|
|a BOOK00018619
|
| 090 |
|
|
|a 18400
|
| 100 |
|
|
|a 20011209d1987 k y0rusy50 ca
|
| 101 |
0 |
|
|a rus
|
| 102 |
|
|
|a RU
|
| 105 |
|
|
|a a z 000zd
|
| 200 |
1 |
|
|a Эволюция понятия науки (XVII-XVIII вв.)
|e Формирование научных программ нового времени
|f П. П. Гайденко
|g Академия Наук СССР; Институт истории естествознания и техники им. С. С. Вавилова; Под ред. И. Д. Рожанского
|
| 210 |
|
|
|a Москва
|c Наука
|d 1987
|
| 215 |
|
|
|a 447 с.
|c ил.
|
| 225 |
1 |
|
|a Библиотека всемирной истории естествознания
|
| 600 |
|
1 |
|a Галилей
|b Г.
|c итальянский учёный
|c один из основателей точного естествознания
|f 1564-1642
|g Галилео
|2 stltpush
|3 (RuTPU)RU\TPU\pers\94
|9 56
|
| 600 |
|
1 |
|a Декарт
|g Рене
|b Р.
|c французский философ, математик, физик и физиолог
|f 1596 - 1650
|2 stltpui
|3 (RuTPU)RU\TPU\pers\142
|
| 600 |
|
1 |
|a Ньютон
|g Исаак
|b И.
|f 1642 - 1726
|c английский математик
|c механик
|c астроном
|c физик
|2 stltpui
|3 (RuTPU)RU\TPU\pers\346
|
| 600 |
|
1 |
|a Лейбниц
|g Готфрид Вильгельм
|f 1646-1716
|b Г. В.
|c немецкий философ, математик, физик, языковед
|2 stltpui
|3 (RuTPU)RU\TPU\pers\422
|
| 600 |
|
1 |
|a Кант
|g Иммануил
|b И.
|c родоначальник немецкой классической философии
|f 1724 - 1804
|2 stltpui
|3 (RuTPU)RU\TPU\pers\208
|
| 606 |
1 |
|
|a Наука
|x История
|2 stltpush
|3 (RuTPU)RU\TPU\subj\45075
|9 64337
|
| 610 |
1 |
|
|a культура
|
| 610 |
1 |
|
|a 17 век
|
| 610 |
1 |
|
|a 18 век
|
| 610 |
1 |
|
|a понятия
|
| 610 |
1 |
|
|a научные программы
|
| 610 |
1 |
|
|a атомистическая научная программа
|
| 686 |
|
|
|a Ч213
|v LBC/SL-A
|2 rubbk
|
| 700 |
|
1 |
|a Гайденко
|b П. П.
|g Пиама Павловна
|
| 702 |
|
1 |
|a Рожанский
|b И. Д.
|4 340
|
| 712 |
0 |
2 |
|a Академия наук СССР
|b Институт истории естествознания и техники им. С. И. Вавилова (ИИЕТ АН СССР)
|c (Москва)
|2 stltpush
|3 (RuTPU)RU\TPU\col\8662
|
| 801 |
|
0 |
|a RU
|b 63413507
|c 20011209
|g PSBO
|
| 801 |
|
2 |
|a RU
|b 63413507
|c 20170119
|g PSBO
|
| 900 |
|
|
|a История и методология науки
|
| 942 |
|
|
|c BK
|